Statistics for Boroughs of Berlin on a Map

Click here to take the quiz!

General Stats

  • This quiz has been taken 545 times
  • The average score is 7 of 12

Answers on the Map

Answers color-coded by a green-red scale on the quiz's map according to % correct below.
 

Answer Stats

Borough% Correct
Mitte
95%
Neukölln
75%
Spandau
71%
Pankow
69%
Lichtenberg
52%
Friedrichshain-Kreuzberg
48%
Charlottenburg-Wilmersdorf
46%
Treptow-Köpenick
44%
Marzahn-Hellersdorf
40%
Reinickendorf
40%
Tempelhof-Schöneberg
39%
Steglitz-Zehlendorf
36%

Score Distribution

Percentile by Number Answered

Percent of People with Each Score

Your Score History

You have not taken this quiz